| 000 | 00597nam a22001457a 4500 | ||
|---|---|---|---|
| 020 | _a978-1-4169-0008-5 | ||
| 082 |
_a823 _bDIX/H |
||
| 100 | _aDIXON, FRANKLIN W | ||
| 245 | _aTHE HARDY BOYS - BURNED | ||
| 260 |
_aNEW YORK _bALADDIN PAPERBACKS _c2005 |
||
| 300 | _a154 | ||
| 520 | _aFrank and Joe are on a mission to determine the structure of an illegal international C.D. burning operation that employs teenagers--and to sniff out the mastermind behind it. This case requires that the boys stay close to home--a little too close, in fact. | ||
| 650 |
_aMYSTERY STORY _zUNITED STATES |
||
| 942 | _cBK | ||
| 999 |
_c7760 _d7760 |
||